| 000 | 00350 a2200157 4500 | ||
|---|---|---|---|
| 003 | Nust | ||
| 005 | 20170207153233.0 | ||
| 040 | _cNust | ||
| 082 | _a515.63 | ||
| 100 | _aYusuf S.M | ||
| 245 | _aVector Analysis | ||
| 260 |
_aPakistan _bIlmi Kitab Khana |
||
| 538 | _aAlmirah No. 12 and Shelf No. 5 | ||
| 600 | _aDr.S.M.Yusuf | ||
| 650 | _aVector Analysis | ||
| 942 |
_2ddc _cBK |
||
| 999 |
_c182069 _d182069 |
||